000 00654nam a2200205Ia 4500
001 19081
003 GE_BSU
008 181216s||||||||xx |||||||||||||| ||und||
040 _cGE_BSU
245 _aРеферативный журнал, №3.2016.Литературоведение
245 _bРаздел. Социальные и гуманитарные науки
245 _cгл.ред.Цурганова Е.А.и др.
260 _aMосква.
260 _bРан Инион
260 _c2016
300 _a208стр,20см
653 _aРеферативный журнал
653 _aპერიოდიკა
942 _cCR
999 _c52075
_d52075